LEADER 01832nam a2200349 u 4500 001 000000006072 003 CaOOAMICUS 005 20070226104831.0 008 940514s1948 it abf u000 u eng u 035 $a10155522 040 $aMCE$bita$d*OCL*$dNIC$dCStRLIN$dPU$dPUL(R) 082 $a939.4 100 1 $aO'Callaghan, Roger T.,$cS.I.,$d1912-$0(OLS)http://pul/name/6213 245 10$aAram Naharaim :$ba contribution to the history of Upper Mesopotamia in the second millennium B.C /$cby Roger T. O'Callaghan ; with an appendix on Indo-Aryan names by P.-E. Dumont. 260 $aRoma :$bPontificium Institutum Biblicum,$c1948. 300 $axv, 164 p. :$b38 plates (incl. plans) 3 fold. col. maps. ;$c30 cm 490 1 $aAnalecta orientalia ;$v26. 504 $aBibliography: p. xi-xii. Bibliographical footnotes. 650 0$aMitannians.$2//eng$0(OLS)http://pul/subject/5573 650 0$aArameans.$2//eng$0(OLS)http://pul/subject/5574 650 0$aNames, Personal$xIndo-Aryan.$2//eng$0(OLS)http://pul/subject/5575 651 4$aIraq$xStoria.$0(OLS)http://pul/subject/25086 651 0$aSyria$xHistory.$2//eng$0(OLS)http://pul/subject/5446 700 1 $aDumont, Paul Émile,$d1879-$0(OLS)http://pul/name/6214 830 0$aAnalecta orientalia ;$v26.$0(OLS)http://pul/title/4947 830 0$aAnalecta orientalia, ;$v26.$0(OLS)http://pul/title/8943 850 $aPUL 852 $aPUL$W1$xDP1 Fondo Gelio$y54$m1 A 3$j8617$nBK-PRI$b $qFondi$B8617$CPULBib$Z2$F8617 $HPUL0058 $81 941 1 $a1 996 $6082$a939.4$9(OLS)http://pul/classification/151 996 $6245$aAram Naharaim :$ba contribution to the history of Upper Mesopotamia in the second millennium B.C$9(OLS)http://pul/title/8942 996 $6260$aRoma :$bPontificium Institutum Biblicum$9(OLS)http://pul/publisher/49870 LEADER 01267nam a2200325 a 4500 001 000000143305 003 CaOOAMICUS 005 20150513114032.0 008 150513s2013 fr u000 u fre r 020 $a978-2-13-061926-0 040 $aPUL$bita 082 04$a361.6 100 1 $aCastel, Robert.$0(OLS)http://pul/name/92118 245 12$aL'avenir de la solidarité /$cRobert Castel, Nicolas Duvoux. 260 $aParis :$bPUF,$c©2013. 300 $a103 p. ;$c19 cm 490 1 $aVie des idées 504 $aBibliografia in nota. 650 4$aPolitica sociale.$0(OLS)http://pul/subject/879 650 4$aSolidarietà sociale.$0(OLS)http://pul/subject/33273 700 1 $aDuvoux, Nicolas.$0(OLS)http://pul/name/92119 830 0$aVie des idées.$0(OLS)http://pul/title/181346 850 $aPUL 852 $aPUL$W1$xSL Diritto e Scienze Sociali 3$y79$m361. 6 CASRO 1$j165419$qDDC 21$B165684$CPULBib$Z2$F165684 $H125699 $82 941 1 $a9 996 $6020$a978-2-13-061926-0$9(OLS)http://pul/number/157510 996 $6082$a361.6$9(OLS)http://pul/classification/1902 996 $6245$aL'avenir de la solidarité$9(OLS)http://pul/title/181345 996 $6260$aParis :$bPUF$9(OLS)http://pul/publisher/53060